Principios y práctica de obstetricia / (Record no. 54983)

MARC details
000 -LEADER
campo de control de longitud fija 00839nam a2200193 i 4500
001 - NÚMERO DE CONTROL
campo de control 54983
003 - IDENTIFICADOR DE NÚMERO DE CONTROL
campo de control ES-MaACL
007 - CAMPO FIJO DE DESCRIPCIÓN FÍSICA--INFORMACIÓN GENERAL
campo de control de longitud fija t|
008 - DATOS DE LONGITUD FIJA--INFORMACIÓN GENERAL
campo de control de longitud fija 030910s1945 mx ||||1| spa d
100 1# - ENTRADA PRINCIPAL--NOMBRE DE PERSONA
Nombre de persona Lee, Joseph B. de.
9 (RLIN) 71184
245 10 - MENCIÓN DEL TÍTULO
Título Principios y práctica de obstetricia /
Mención de responsabilidad, etc. por Joseph B. de Lee y J.P. Greenhill ; versión al castellano de la séptima edición por Oscar G. Carrera ; prologada y revisada por Alberto Peralta Ramos ; adaptación a la octava edición en inglés por R. Carrasco Formiguera.
260 ## - PUBLICACIÓN, DISTRIBUCIÓN, ETC.
Lugar de publicación, distribución, etc. México :
Nombre del editor, distribuidor, etc. Unión Tipográfica Editorial Hispano-Americana,
Fecha de publicación, distribución, etc. 1945.
300 ## - DESCRIPCIÓN FÍSICA
Extensión 2 v. :
Otras características físicas il. ;
Dimensiones 26 cm.
700 1# - ENTRADA AGREGADA--NOMBRE PERSONAL
Nombre de persona Greenhill, J. P.
9 (RLIN) 59868
700 1# - ENTRADA AGREGADA--NOMBRE PERSONAL
Nombre de persona Carrera, Oscar G.
9 (RLIN) 35633
700 1# - ENTRADA AGREGADA--NOMBRE PERSONAL
Nombre de persona Peralta Ramos, Alberto.
9 (RLIN) 90389
700 1# - ENTRADA AGREGADA--NOMBRE PERSONAL
Nombre de persona Carrasco Formiguera, R.
9 (RLIN) 35551
852 ## - LOCALIZACIÓN
Ubicación ES-MaACL
Número de control de estantería E-1672-73
Sublocalización o colección R.22585
Holdings
Estatus retirado Estado de pérdida Estado de daño No para préstamo Biblioteca de origen Biblioteca actual Ubicación en estantería Fecha de adquisición Fuente de adquisición Total de préstamos Signatura topográfica completa Código de barras Visto por última vez Precio de reemplazo Tipo de ítem Koha
        Biblioteca del Ateneo de Madrid Biblioteca del Ateneo de Madrid Depósito 2 17/01/2008     E-1672-73 1057778 23/02/2023 23/02/2023 Libro impreso